000 00520nam a2200181Ia 4500
003 OSt
005 20260325095424.0
008 211028s2006 xx 000 0 und d
040 _cAIMIT LIBRARY
041 _aeng
082 _a658.15 DSOA
100 _aDsouza, Alwyn;Tauro, Lavina.
_g40911073
_95506
245 _aA study of the financial performance of software automobile and pharmaceutical sectors /
260 _bTauro, Lavina
_c2006
600 _aFinance
_95507
650 _aFinance
_95508
942 _2ddc
_cPRO
999 _c217927
_d217927